000 01190nam a22002657a 4500
005 20251006100329.0
020 _a9780421893801
_cTZS 43,000/=
040 _aMCCL
_beng.
_eAACR 2nd rev. ed.
082 _a340.07 HOW
100 _a Bradney, Anthony
245 _a How to study law
_c/ Anthony Bradney, Fiona Cownie, Judith Masson, Alan Neal and David Newell
250 _a5th ed.
260 _aLondon :
_bThomson/Sweet & Maxwell,
_cc2005.
300 _a x, 260 p. ;
_c24 cm.
440 _a Legal skills
500 _aPrevious edition: 2000
504 _aIncludes bibliographical references and index
505 _aSources of the Law Divisions of Law Law in Action/Law in Books Finding Cases and Statutes Reading Cases Statutes Reading Research Materials Study Skills Exercises Where Next?
520 _aThis concise work will demonstrate how to find, read and analyse a variety of legal materials - cases, statutes, articles and textbooks. It provides general study tips and a series of work-through question and answer exercises
546 _aeng.
650 _aLaw--Study and teaching
_zGreat Britain
650 _aLaw
650 _aLegal research
942 _cBK
999 _c12013
_d12013